000 00587nam a22002057a 4500
005 20220721145126.0
008 220721b ||||| |||| 00| 0 eng d
040 _cAL
041 _aEnglish
082 _223
_a294.5
_bRANW
100 _aSwami Ranganathananda
_952306
245 _aWomen in the Modern Age
260 _aMumbai
_bBharatiya Vidya Bhavan
_c1997
300 _a38 p.
_bPB
_c21.5x14 cm.
440 _aBhavans Eternal Values Booklets Series 9
_952307
650 _aWomen
_952308
650 _aFeminism
_952309
700 _aRANGANATHANANDA (Swami)
_952310
942 _2ddc
_cGF
999 _c224073
_d224073